000 00658nam a2200181Ia 4500
008 090630s9999 xx 000 0 und d
082 _b25754
100 _aमराठे श्याम.
245 _aशर्यत तुमची वेळेशी.
_cमराठे श्याम.
260 _bइंद्रायणी साहित्य.
_c2005
300 _a124
600 _aमराठे श्याम.
630 _aशर्यत तुमची वेळेशी.
655 _aइतर.
700 _aमराठे श्याम.
730 _aशर्यत तुमची वेळेशी.
942 _cBOOK
999 _c277610
_d277610